| 000 | 00554 a2200241 4500 | ||
|---|---|---|---|
| 260 | _aRome. | ||
| 711 | _d21-25 Mars 1983 | ||
| 711 | _cRome. | ||
| 440 | _n287 | ||
| 260 | _bFAO. | ||
| 245 | _aRapport de la 2ème session du groupe de travail sur l'aquaculture. | ||
| 300 | _aV-15p. | ||
| 711 | _n2ème | ||
| 260 | _c1983 | ||
| 130 | _lFr. | ||
| 440 | _aFAO, Rapport sur les pêches. | ||
| 710 | _aFAO. | ||
| 711 | _aRapport de la 2ème session. | ||
| 690 | _aaquaculture. | ||
| 020 | _a92-5-201363-6 | ||
| 999 |
_c26764 _d26764 |
||